Playing with the enemy (Record no. 132361)
[ view plain ]
| 000 -LEADER | |
|---|---|
| fixed length control field | 01154nam a2200289 a 4500 |
| 100 1# - MAIN ENTRY--AUTHOR NAME | |
| Personal name | Moore, Gary W. |
| 245 10 - TITLE STATEMENT | |
| Title | Playing with the enemy |
| 260 ## - PUBLICATION, DISTRIBUTION, ETC. (IMPRINT) | |
| Place of publication | New York : |
| Name of publisher | Savas Beatie, |
| Year of publication | 2006. |
| 300 ## - PHYSICAL DESCRIPTION | |
| Number of Pages | xxi, 299 p. : |
| Other physical details | ill. |
| 650 #0 - SUBJECT ADDED ENTRY--TOPICAL TERM | |
| Topical Term | Baseball |
| Topical Term | World War, 1939-1945 |
| 856 40 - ELECTRONIC LOCATION AND ACCESS | |
| Uniform Resource Identifier | http://site.ebrary.com/lib/rucke/Doc?id=10498856 |
No items available.
